000 00524nam a22001817a 4500
005 20170524145832.0
010 _aEN-118381
020 _a9788185990231
_c100.00
035 _aEN-101913
037 _bDBAD/PUB
082 _a954.02
100 _aGoel, Sita Ram
245 _aThe story of islamic imperialism in india /
_cby Sita Ram Goel
260 _aNew Delhi
_bVoice Of India
_c2001
270 _a2/18, Ansari Road, New Delhi-110002
300 _a138p
_c22cm.(pbk)
942 _2ddc
_cEN
_h954.02
_mGOE
999 _c140407
_d140407